000
00289nam a22001337a 4500
999
_c
55052
_d
55052
008
200205b ||||| |||| 00| 0 eng d
041
_a
eng
080
_2
615.83
_a
615.83
082
_a
615.83
100
_a
8
101
_a
EGZ
245
_a
Volejboll
_c
Tahiraj,E
942
_2
udc
_c
BK